Organic reactions
Organic Reactions is a comprehensive series of volumes composed of chapters devoted to important synthetic reactions. For each volume, the chapter authors are world-renowned experts with extensive hands-on experience in the field. The chemistry is presented from a preparative point of view and parti...
Bewaard in:
| Hoofdauteur: | |
|---|---|
| Formaat: | Boek |
| Taal: | Undetermined |
| Gepubliceerd in: |
New York
Wiley
2006
|
| Onderwerpen: | |
| Tags: |
Voeg label toe
Geen labels, Wees de eerste die dit record labelt!
|
| Thư viện lưu trữ: | Trung tâm Học liệu Trường Đại học Cần Thơ |
|---|
| LEADER | 01042nam a2200205Ia 4500 | ||
|---|---|---|---|
| 001 | CTU_165889 | ||
| 008 | 210402s9999 xx 000 0 und d | ||
| 020 | |c 170.00 | ||
| 082 | |a 547.2 | ||
| 082 | |b O.96/Vol.67 | ||
| 100 | |a Overman, Larry E. | ||
| 245 | 0 | |a Organic reactions | |
| 245 | 0 | |c Editor-in-chief: Larry E. Overman | |
| 260 | |a New York | ||
| 260 | |b Wiley | ||
| 260 | |c 2006 | ||
| 520 | |a Organic Reactions is a comprehensive series of volumes composed of chapters devoted to important synthetic reactions. For each volume, the chapter authors are world-renowned experts with extensive hands-on experience in the field. The chemistry is presented from a preparative point of view and particular attention is given to reaction limitations, interfering influences, effects of chemical structure, and the selection of experimental conditions. | ||
| 650 | |a Chemistry, organic,Chemical reactions,Hóa hữu cơ,Phản ứng hóa học | ||
| 904 | |i Trọng Hải | ||
| 980 | |a Trung tâm Học liệu Trường Đại học Cần Thơ | ||